ONLINE PUBLIC ACCESS CATALOG(OPAC)

UGC-NET/SET/JRF 2025 Paper-1 — Teaching & Research Aptitude (Record no. 65634)

MARC details
000 -LEADER
fixed length control field 00379nam a22001457a 4500
008 - FIXED-LENGTH DATA ELEMENTS--GENERAL INFORMATION
fixed length control field 260213b |||||||| |||| 00| 0 eng d
020 ## - INTERNATIONAL STANDARD BOOK NUMBER
International Standard Book Number 9789361597183
082 ## - DEWEY DECIMAL CLASSIFICATION NUMBER
Classification number 371.26 MAD
100 ## - MAIN ENTRY--PERSONAL NAME
Personal name Madaan, K.V.S
245 ## - TITLE STATEMENT
Title UGC-NET/SET/JRF 2025 Paper-1 — Teaching & Research Aptitude
260 ## - PUBLICATION, DISTRIBUTION, ETC. (IMPRINT)
Place of publication, distribution, etc India
Name of publisher, distributor, etc Pearson Education
Date of publication, distribution, etc 2025
300 ## - PHYSICAL DESCRIPTION
Extent PV
650 ## - SUBJECT ADDED ENTRY--TOPICAL TERM
Topical term or geographic name as entry element CJMC
942 ## - ADDED ENTRY ELEMENTS (KOHA)
Item type Books
Holdings
Withdrawn status Lost status Source of classification or shelving scheme Damaged status Not for loan Collection code Home library Current library Shelving location Date acquired Source of acquisition Cost, normal purchase price Total Checkouts Full call number Barcode Date last seen Koha item type Public note Checked out Date last borrowed
    Dewey Decimal Classification     Non-fiction College of Journalism & Mass Communication College of Journalism & Mass Communication College of Journalism and Mass Communica 13/02/2026 Campus Book House 599.00   371.26 MAD JM622 13/02/2026 Reference Rack No. R13 Shelf No. 21    
    Dewey Decimal Classification     Non-fiction College of Journalism & Mass Communication School of Law College of Journalism and Mass Communica 13/02/2026 Campus Book House 599.00 1 371.26 MAD JM623 02/04/2026 Circulation Rack No. R13 Shelf No. 21 30/04/2026 02/04/2026

Powered by Koha